Paris Metro Stations on a Map - Statistics

General Stats
  • This quiz has been taken 7,783 times
    5,323 since last reset
  • The average score is 94 of 319
Answers on the Map
Answers color-coded by a green-red scale on the quiz's map according to % correct below.
 
Answer Stats
Lines Station % Correct
1, 4, 7, 11, 14 Châtelet
81%
4, 5 Gare du Nord
79%
1, 2, 6 Charles de Gaulle – Étoile
77%
1, 7 Palais Royal – Musée du Louvre
76%
1, 14 Gare de Lyon
74%
4, 5, 7 Gare de l'Est
73%
4, 6, 12, 13 Montparnasse – Bienvenüe
73%
1, 2, 6, 9 Nation
72%
1 La Défense
71%
1, 5, 8 Bastille
67%
3, 5, 8, 9, 11 République
66%
1, 8, 12 Concorde
65%
3, 7, 8 Opéra
65%
3, 12, 13, 14 Saint-Lazare
65%
4 Les Halles
64%
1, 13 Champs-Élysées – Clemenceau
59%
5, 10 Gare d'Austerlitz
59%
5, 6, 7 Place d'Italie
59%
6, 9 Trocadéro
59%
6, 14 Bercy
57%
1, 11 Hôtel de Ville
56%
1 Louvre – Rivoli
56%
2, 5, 7 Stalingrad
55%
2, 4 Barbès – Rochechouart
53%
8, 12, 14 Madeleine
53%
6 Bir-Hakeim
52%
4 Cité
52%
2, 12 Pigalle
52%
1 Tuileries
52%
1 Château de Vincennes
51%
1, 9 Franklin D. Roosevelt
51%
8, 13 Invalides
51%
4, 10 Odéon
51%
4 Porte de Clignancourt
48%
7, 14 Pyramides
48%
4 Saint-Michel
48%
4, 8, 9 Strasbourg – Saint-Denis
48%
3, 11 Arts et Métiers
46%
8 Balard
46%
1 Saint-Paul
46%
1 George V
45%
4, 6 Denfert-Rochereau
44%
6, 8, 10 La Motte-Picquet – Grenelle
44%
7, 7bis Louis Blanc
44%
2 Porte Dauphine
44%
1 Porte de Vincennes
44%
14 Aéroport d'Orly
43%
1 Argentine
43%
4 Saint-Germain-des-Prés
43%
14 Bibliothèque François Mitterrand
42%
8, 9 Bonne Nouvelle
42%
4 Château d'Eau
42%
2, 3 Père Lachaise
42%
2, 13 Place de Clichy
42%
8, 9 Grands Boulevards
41%
13 Porte de Clichy
41%
1 Porte Maillot
41%
3, 4 Réaumur – Sébastopol
41%
2, 11 Belleville
40%
7, 10 Jussieu
40%
6 Passy
40%
10 Cluny – La Sorbonne
39%
3 Louise Michel
39%
12 Mairie d'Issy
39%
5, 9 Oberkampf
39%
1 Esplanade de La Défense
38%
14 Olympiades
38%
2 Rome
38%
4 Saint-Sulpice
38%
2 Victor Hugo
38%
4 Bagneux – Lucie Aubrac
37%
4 Étienne Marcel
37%
2, 5, 7bis Jaurès
37%
1, 8 Reuilly – Diderot
37%
12 Abbesses
36%
4 Château Rouge
36%
13 Châtillon – Montrouge
36%
6 Glacière
36%
6, 12 Pasteur
36%
7 Pont Neuf
36%
3bis, 11 Porte des Lilas
36%
7 Porte d'Italie
36%
4, 6 Raspail
36%
2 Anvers
35%
8 École Militaire
35%
9 Mairie de Montreuil
35%
1 Pont de Neuilly
35%
9 Pont de Sèvres
35%
10, 12 Sèvres – Babylone
35%
4 Alésia
34%
3 Gallieni
34%
9 Iéna
34%
1 Les Sablons
34%
12 Porte de Versailles
34%
4 Saint-Placide
34%
12 Assemblée Nationale
33%
2 Blanche
33%
3 Bourse
33%
7, 9 Chaussée d'Antin – La Fayette
33%
6, 8 Daumesnil
33%
10, 13 Duroc
33%
3, 3bis Gambetta
33%
3, 9 Havre – Caumartin
33%
7 La Courneuve – 8 Mai 1945
33%
7, 14 Maison Blanche
33%
9, 13 Miromesnil
33%
7 Poissonnière
33%
4 Porte d'Orléans
33%
6 Kléber
32%
2 La Chapelle
32%
13 Mairie de Saint-Ouen
32%
7 Mairie d'Ivry
32%
14 Saint-Ouen
32%
5 Bobigny – Pablo Picasso
31%
12 Mairie d'Aubervilliers
31%
12 Porte de la Chapelle
31%
2, 3 Villiers
31%
9 Alma – Marceau
30%
3 Europe
30%
8 Filles du Calvaire
30%
2 Monceau
30%
4 Vavin
30%
13 La Fourche
29%
7 Les Gobelins
29%
5 Porte de Pantin
29%
7 Porte d'Ivry
29%
6 Quai de la Gare
29%
12 Rennes
29%
9 Voltaire
29%
9, 10 Michel-Ange – Auteuil
28%
6 Picpus
28%
7 Pont Marie
28%
9 Porte de Montreuil
28%
5 Quai de la Rapée
28%
12 Rue du Bac
28%
13 Saint-Denis – Université
28%
1 Saint-Mandé
28%
3 Temple
28%
6 Dupleix
27%
11 Mairie des Lilas
27%
4, 12 Marcadet – Poissonniers
27%
2 Ménilmontant
27%
9, 10 Michel-Ange – Molitor
27%
6 Nationale
27%
7bis, 11 Place des Fêtes
27%
7 Place Monge
27%
3 Pont de Levallois – Bécon
27%
7 Porte de la Villette
27%
13 Porte de Vanves
27%
8 Porte Dorée
27%
2 Alexandre Dumas
26%
4 Barbara
26%
8 Créteil – Université
26%
10 Javel – André Citroën
26%
7 Le Kremlin-Bicêtre
26%
9 Porte de Saint-Cloud
26%
13 Porte de Saint-Ouen
26%
8, 9 Richelieu – Drouot
26%
9 Saint-Augustin
26%
12 Solférino
26%
2 Ternes
26%
7bis Buttes Chaumont
25%
6 Cambronne
25%
12 Convention
25%
6 Edgar Quinet
25%
4 Mairie de Montrouge
25%
6 Saint-Jacques
25%
3 Sentier
25%
7 Tolbiac
25%
12 Vaugirard
25%
6 Bel-Air
24%
2 Colonel Fabien
24%
8 Commerce
24%
14 Cour Saint-Émilion
24%
8 Créteil – Préfecture
24%
5 Ourcq
24%
3 Quatre-Septembre
24%
11 Rambuteau
24%
3 Wagram
24%
2 Avron
23%
9 Billancourt
23%
6 Boissière
23%
6 Corvisart
23%
2 Courcelles
23%
13 Liège
23%
12 Notre-Dame-de-Lorette
23%
12 Notre-Dame-des-Champs
23%
8 Pointe du Lac
23%
10 Porte d'Auteuil
23%
3 Porte de Bagnolet
23%
7 Villejuif – Louis Aragon
23%
1 Bérault
22%
6 Chevaleret
22%
7 Crimée
22%
6 Dugommier
22%
14 Pont Cardinet
22%
11 Pyrénées
22%
9 Rue de la Pompe
22%
6 Sèvres – Lecourbe
22%
4 Simplon
22%
7 Sully – Morland
22%
3 Anatole France
21%
10 Avenue Émile Zola
21%
7 Cadet
21%
5 Campo-Formio
21%
10 Cardinal Lemoine
21%
2 Couronnes
21%
10 Église d'Auteuil
21%
8 Félix Faure
21%
13 Gaîté
21%
5 Jacques Bonsergent
21%
10 Mabillon
21%
13 Mairie de Clichy
21%
3 Parmentier
21%
2 Philippe Auguste
21%
7 Porte de Choisy
21%
9 Robespierre
21%
7 Censier – Daubenton
20%
8 Chemin Vert
20%
8 École Vétérinaire de Maisons-Alfort
20%
5 Église de Pantin
20%
9 Jasmin
20%
9 La Muette
20%
8 La Tour-Maubourg
20%
5 Laumière
20%
3 Malesherbes
20%
10 Maubert – Mutualité
20%
4 Mouton-Duvernet
20%
3 Porte de Champerret
20%
8 Porte de Charenton
20%
9 Ranelagh
20%
5 Richard-Lenoir
20%
13 Saint-François-Xavier
20%
11 Télégraphe
20%
12 Volontaires
20%
10 Boulogne – Jean Jaurès
19%
10 Boulogne – Pont de Saint-Cloud
19%
9 Charonne
19%
12 Front Populaire
19%
11 Jourdain
19%
12 Lamarck – Caulaincourt
19%
3 Pereire
19%
13 Plaisance
19%
9 Rue des Boulets
19%
12 Saint-Georges
19%
12 Trinité – d'Estienne d'Orves
19%
11 Goncourt
18%
13 Guy Môquet
18%
5 Hoche
18%
8 Ledru-Rollin
18%
7 Le Peletier
18%
8 Liberté
18%
8 Lourmel
18%
10 Mirabeau
18%
13 Pernety
18%
7 Pierre et Marie Curie
18%
3 Rue Saint-Maur
18%
5 Saint-Marcel
18%
10 Ségur
18%
13 Varenne
18%
13 Basilique de Saint-Denis
17%
8 Boucicaut
17%
5 Bréguet – Sabin
17%
10 Charles Michels
17%
12 Corentin Celton
17%
9 Exelmans
17%
12 Falguière
17%
12 Jules Joffrin
17%
9 Marcel Sembat
17%
12 Marx Dormoy
17%
7 Riquet
17%
9 Saint-Ambroise
17%
10 Vaneau
17%
7bis Bolivar
16%
7 Corentin Cariou
16%
8 Créteil – L'Échat
16%
7bis Danube
16%
7 Fort d'Aubervilliers
16%
13 Garibaldi
16%
13 Les Courtilles
16%
7bis Pré-Saint-Gervais
16%
7 Aubervilliers – Pantin – Quatre Chemins
15%
7bis Botzaris
15%
9 Buzenval
15%
8 Charenton – Écoles
15%
7 Château-Landon
15%
8 Faidherbe – Chaligny
15%
13 Gabriel Péri
15%
13 Malakoff – Plateau de Vanves
15%
3bis Pelleport
15%
13 Saint-Denis – Porte de Paris
15%
9 Saint-Philippe-du-Roule
15%
8 Saint-Sébastien – Froissart
15%
11 Serge Gainsbourg
15%
12 Aimé Césaire
14%
5 Bobigny – Pantin – Raymond Queneau
14%
13 Carrefour Pleyel
14%
9 Croix de Chavaux
14%
14 Hôpital Bicêtre
14%
14 L'Haÿ-les-Roses
14%
9 Maraîchers
14%
7 Villejuif – Léo Lagrange
14%
13 Brochant
13%
8 Maisons-Alfort – Stade
13%
8 Michel Bizot
13%
11 Rosny – Bois-Perrier
13%
3bis Saint-Fargeau
13%
13 Les Agnettes
12%
8 Maisons-Alfort – Les Juilliottes
12%
8 Montgallet
12%
14 Thiais – Orly
12%
7 Villejuif – Paul Vaillant-Couturier
12%
10 Chardon-Lagache
11%
11 Montreuil – Hôpital
11%
14 Chevilly-Larue
10%
13 Malakoff – Rue Étienne Dolet
10%
11 La Dhuys
9%
11 Romainville – Carnot
9%
11 Coteaux Beauclair
7%
No matching quizzes found
Score Distribution
Percent of People with Each Score
Percentile by Number Answered
Your Score History
You have not taken this quiz since the last reset